| 000 | 00588nam a2200205Ia 4500 | ||
|---|---|---|---|
| 008 | 170504s9999 xx 000 0 und d | ||
| 050 | _aHD 28 | ||
| 050 | _b.M722 2016 | ||
| 100 | _aMolina, Anjellica D. | ||
| 245 | _aCouture management system for ADG event planner station co. / | ||
| 245 | _cAnjellica D. Molina. | ||
| 260 | _aLas PiƱas, Philippines : | ||
| 260 | _bSISC, | ||
| 260 | _c2016. | ||
| 300 | _a135 pages : | ||
| 300 | _billustrations ; | ||
| 300 | _c28 cm. | ||
| 500 | _aIncludes bibliographical references and appendices. | ||
| 521 | _aInformation Technology | ||
| 999 |
_c329744 _d329744 |
||